000 00600nam a2200181 a 4500
001 000042256
005 20201002040032.0
008 131120s1997 sp ac 000 0 spa d
020 _a8492215038
040 _aDO-SdBNP
_bspa
_cBNPHU
082 _axxx
_bM281A
100 1 _aAlonso Barahona, Fernando,
_d1961-
_969285
245 1 0 _aAnthony Mann /
_cFernando Alonso Barahona.
260 _aBarcelona :
_bFilm Ideal,
_c1997.
300 _a205 p. :
_bil, retrs. ;
_c21 cm.
500 _aIncluye datos biográficos del autor en la solapa de la cubierta
504 _aBibliografía y hemerografía : p. 173-177
999 _c41745
_d41745